[Event "Women's Baku Chess Olympiad"]
[Site "chess24.com"]
[Date "2016.09.10"]
[Round "8"]
[White "Hng, Mei-En Emmanuelle"]
[Black "Fataliyeva, Ulviyya"]
[Result "0-1"]
[Board "3"]
[WhiteID "5804566"]
[WhiteElo "1883"]
[WhiteCountry "SIN"]
[WhiteFideId "5804566"]
[WhiteEloChange "-2"]
[BlackID "13403052"]
[BlackElo "2234"]
[BlackTitle "WIM"]
[BlackCountry "AZE"]
[BlackFideId "13403052"]
[BlackEloChange "2"]

1. e4 {[%clk 1:30:53]} e6 {[%clk 1:30:59]} 2. d4 {[%clk 1:31:11]} d5 {[%clk
1:31:27]} 3. Nc3 {[%clk 1:31:28]} Nf6 {[%clk 1:31:56]} 4. Bg5 {[%clk 1:31:21]}
Bb4 {[%clk 1:32:11]} 5. e5 {[%clk 1:28:08]} h6 {[%clk 1:32:40]} 6. exf6 {[%clk
1:28:18]} hxg5 {[%clk 1:33:02]} 7. fxg7 {[%clk 1:28:34]} Rg8 {[%clk 1:33:15]} 8.
h4 {[%clk 1:24:10]} gxh4 {[%clk 1:29:53]} 9. Nf3 {[%clk 1:20:21]} Qf6 {[%clk
1:14:33]} 10. Rxh4 {[%clk 1:12:02]} Nc6 {[%clk 1:10:40]} 11. Bb5 {[%clk 1:03:46]}
Bd7 {[%clk 1:07:33]} 12. Bxc6 {[%clk 1:00:09]} Bxc6 {[%clk 1:06:57]} 13. Qd3
{[%clk 0:59:37]} O-O-O {[%clk 1:02:02]} 14. O-O-O {[%clk 0:57:38]} Be8 {[%clk
0:47:00]} 15. g3 {[%clk 0:49:45]} Rxg7 {[%clk 0:40:59]} 16. Qe3 {[%clk 0:43:03]}
Qe7 {[%clk 0:38:31]} 17. Ne2 {[%clk 0:40:30]} Bd6 {[%clk 0:35:13]} 18. Nf4 {[%clk
0:38:01]} Rg8 {[%clk 0:32:36]} 19. Kb1 {[%clk 0:30:08]} c5 {[%clk 0:29:45]} 20.
Nd3 {[%clk 0:27:34]} c4 {[%clk 0:23:33]} 21. Nf4 {[%clk 0:26:01]} Kb8 {[%clk
0:23:28]} 22. Rh7 {[%clk 0:25:06]} Rc8 {[%clk 0:21:03]} 23. Re1 {[%clk 0:23:51]}
Qd8 {[%clk 0:20:00]} 24. Ne5 {[%clk 0:21:59]} Rf8 {[%clk 0:17:29]} 25. Neg6
{[%clk 0:17:54]} fxg6 {[%clk 0:13:18]} 26. Nxe6 {[%clk 0:18:15]} Qf6 {[%clk
0:12:56]} 27. Nxf8 {[%clk 0:18:04]} Qxf8 {[%clk 0:13:11]} 28. Qe6 {[%clk
0:16:18]} Bc6 {[%clk 0:09:26]} 29. Rf7 {[%clk 0:15:08]} Qd8 {[%clk 0:09:43]} 30.
Rf6 {[%clk 0:14:57]} Bc7 {[%clk 0:07:40]} 31. Rxg6 {[%clk 0:14:05]} c3 {[%clk
0:06:40]} 32. b3 {[%clk 0:10:57]} Qf8 {[%clk 0:06:50]} 33. Qe3 {[%clk 0:08:12]}
Qa3 {[%clk 0:05:08]} 34. Qc1 {[%clk 0:07:47]} Qb4 {[%clk 0:05:32]} 35. Rg4 {[%clk
0:06:37]} Bd7 {[%clk 0:04:03]} 36. Rg7 {[%clk 0:05:35]} Bb5 {[%clk 0:01:57]} 37.
Rg4 {[%clk 0:04:25]} Bd6 {[%clk 0:01:47]} 38. Rh4 {[%clk 0:02:22]} a5 {[%clk
0:01:02]} 39. Ka1 {[%clk 0:00:52]} a4 {[%clk 0:01:12]} 40. a3 {[%clk 0:30:36]}
Qxa3+ {[%clk 0:30:40]} 41. Qxa3 {[%clk 0:30:59]} Bxa3 {[%clk 0:31:07]} 42. Rb1
{[%clk 0:24:40]} Re8 {[%clk 0:20:33]} 43. Rh7 {[%clk 0:20:13]} Re2 {[%clk
0:16:02]} 44. Ka2 {[%clk 0:17:28]} Bb2 {[%clk 0:13:08]} 45. Rxb2 {[%clk 0:14:38]}
cxb2 {[%clk 0:13:28]} 46. Kxb2 {[%clk 0:15:02]} Rxf2 {[%clk 0:12:27]} 47. Rh5
{[%clk 0:12:50]} Bd3 {[%clk 0:10:04]} 48. bxa4 {[%clk 0:11:26]} Bxc2 {[%clk
0:09:22]} 49. Ka3 {[%clk 0:11:35]} Be4 {[%clk 0:09:07]} 50. Kb4 {[%clk 0:10:16]}
Rc2 {[%clk 0:08:04]} 51. Kb5 {[%clk 0:08:36]} Rb2+ {[%clk 0:08:04]} 52. Ka5
{[%clk 0:08:44]} b6+ {[%clk 0:08:28]} 0-1

[Event "Women's Baku Chess Olympiad"]
[Site "chess24.com"]
[Date "2016.09.10"]
[Round "8"]
[White "Umudova, Nargiz"]
[Black "Siew, Kai Xin"]
[Result "1-0"]
[Board "4"]
[WhiteID "13402137"]
[WhiteElo "2247"]
[WhiteTitle "WGM"]
[WhiteCountry "AZE"]
[WhiteFideId "13402137"]
[WhiteEloChange "2"]
[BlackID "5804132"]
[BlackElo "1607"]
[BlackCountry "SIN"]
[BlackFideId "5804132"]
[BlackEloChange "-2"]

1. e4 {[%clk 1:30:56]} c5 {[%clk 1:30:55]} 2. Nf3 {[%clk 1:31:14]} Nc6 {[%clk
1:31:20]} 3. Bb5 {[%clk 1:31:12]} g6 {[%clk 1:31:42]} 4. O-O {[%clk 1:31:30]} Bg7
{[%clk 1:31:37]} 5. Re1 {[%clk 1:31:43]} e5 {[%clk 1:31:48]} 6. c3 {[%clk
1:24:29]} a6 {[%clk 1:26:21]} 7. Ba4 {[%clk 1:20:29]} d6 {[%clk 1:21:28]} 8.
Bxc6+ {[%clk 1:01:44]} bxc6 {[%clk 1:21:49]} 9. d4 {[%clk 1:01:49]} cxd4 {[%clk
1:16:01]} 10. cxd4 {[%clk 1:02:11]} Bg4 {[%clk 1:16:13]} 11. dxe5 {[%clk
0:58:50]} Bxf3 {[%clk 1:13:45]} 12. Qxf3 {[%clk 0:58:57]} Bxe5 {[%clk 1:14:01]}
13. Na3 {[%clk 0:54:51]} Qf6 {[%clk 1:09:49]} 14. Nc4 {[%clk 0:43:57]} Qxf3
{[%clk 0:53:18]} 15. gxf3 {[%clk 0:44:22]} Rd8 {[%clk 0:53:42]} 16. Be3 {[%clk
0:40:45]} Ne7 {[%clk 0:47:59]} 17. Nxe5 {[%clk 0:26:12]} dxe5 {[%clk 0:48:14]}
18. Bg5 {[%clk 0:25:32]} Rd6 {[%clk 0:45:17]} 19. Rad1 {[%clk 0:24:13]} Re6
{[%clk 0:44:42]} 20. b4 {[%clk 0:17:00]} f6 {[%clk 0:43:14]} 21. Be3 {[%clk
0:17:19]} Kf7 {[%clk 0:42:21]} 22. Rd7 {[%clk 0:17:31]} Ra8 {[%clk 0:42:23]} 23.
Bb6 {[%clk 0:15:23]} Rb8 {[%clk 0:38:12]} 24. Bc5 {[%clk 0:15:36]} Ra8 {[%clk
0:38:25]} 25. Red1 {[%clk 0:15:04]} a5 {[%clk 0:32:08]} 26. Rb7 {[%clk 0:14:03]}
axb4 {[%clk 0:30:15]} 27. Rdd7 {[%clk 0:14:18]} Re8 {[%clk 0:30:33]} 28. Bxb4
{[%clk 0:14:30]} f5 {[%clk 0:30:42]} 29. a4 {[%clk 0:14:44]} Kf6 {[%clk 0:30:41]}
30. h4 {[%clk 0:15:00]} h5 {[%clk 0:29:24]} 31. a5 {[%clk 0:15:09]} g5 {[%clk
0:29:13]} 32. Bxe7+ {[%clk 0:15:10]} 1-0

[Event "Women's Baku Chess Olympiad"]
[Site "chess24.com"]
[Date "2016.09.10"]
[Round "8"]
[White "Frayna, Janelle Mae"]
[Black "Goossens, Hanne"]
[Result "1-0"]
[Board "1"]
[WhiteID "5212499"]
[WhiteElo "2281"]
[WhiteTitle "WIM"]
[WhiteCountry "PHI"]
[WhiteFideId "5212499"]
[WhiteEloChange "6"]
[BlackID "200468"]
[BlackElo "2149"]
[BlackTitle "WFM"]
[BlackCountry "BEL"]
[BlackFideId "200468"]
[BlackEloChange "-6"]

1. d4 {[%clk 1:30:58]} f5 {[%clk 1:30:46]} 2. Bg5 {[%clk 1:31:08]} h6 {[%clk
1:30:31]} 3. Bh4 {[%clk 1:31:34]} g5 {[%clk 1:30:35]} 4. Bg3 {[%clk 1:25:04]} Nf6
{[%clk 1:28:32]} 5. e3 {[%clk 1:25:27]} d6 {[%clk 1:27:57]} 6. h4 {[%clk
1:25:14]} g4 {[%clk 1:27:41]} 7. Nc3 {[%clk 1:20:30]} Nc6 {[%clk 1:20:47]} 8. h5
{[%clk 1:15:29]} a6 {[%clk 1:20:21]} 9. d5 {[%clk 1:10:46]} Ne5 {[%clk 1:17:48]}
10. Nge2 {[%clk 0:59:03]} Bg7 {[%clk 1:05:55]} 11. Nd4 {[%clk 0:55:34]} O-O
{[%clk 0:54:09]} 12. Bd3 {[%clk 0:53:06]} Nxd3+ {[%clk 0:51:54]} 13. Qxd3 {[%clk
0:53:32]} Nh7 {[%clk 0:50:55]} 14. O-O-O {[%clk 0:51:45]} Qe8 {[%clk 0:50:27]}
15. Qc4 {[%clk 0:47:42]} Qd8 {[%clk 0:42:37]} 16. f3 {[%clk 0:46:10]} gxf3 {[%clk
0:38:05]} 17. gxf3 {[%clk 0:46:35]} Bd7 {[%clk 0:36:33]} 18. Rdg1 {[%clk
0:42:06]} Kh8 {[%clk 0:29:41]} 19. Nce2 {[%clk 0:40:31]} Bb5 {[%clk 0:27:40]} 20.
Qb3 {[%clk 0:40:12]} Bxe2 {[%clk 0:24:27]} 21. Nxe2 {[%clk 0:38:20]} Ng5 {[%clk
0:20:28]} 22. Nf4 {[%clk 0:38:06]} Kh7 {[%clk 0:19:47]} 23. Bh4 {[%clk 0:38:19]}
Bf6 {[%clk 0:09:02]} 24. Bxg5 {[%clk 0:38:36]} Bxg5 {[%clk 0:08:31]} 25. Ne6
{[%clk 0:38:42]} Qd7 {[%clk 0:08:30]} 26. f4 {[%clk 0:37:18]} Bf6 {[%clk
0:08:41]} 27. Nxf8+ {[%clk 0:31:55]} Rxf8 {[%clk 0:09:06]} 28. Qxb7 {[%clk
0:31:46]} a5 {[%clk 0:07:59]} 29. Rg6 {[%clk 0:30:28]} Qa4 {[%clk 0:06:18]} 30.
a3 {[%clk 0:23:10]} Qe4 {[%clk 0:05:44]} 31. Re1 {[%clk 0:22:19]} Qf3 {[%clk
0:05:41]} 32. Rgg1 {[%clk 0:18:21]} Qxh5 {[%clk 0:04:51]} 33. Qb3 {[%clk
0:14:41]} Qh2 {[%clk 0:02:11]} 34. Rh1 {[%clk 0:14:28]} Qg2 {[%clk 0:02:00]} 35.
Qd3 {[%clk 0:12:38]} Bg7 {[%clk 0:02:00]} 36. Rhg1 {[%clk 0:10:01]} Qf3 {[%clk
0:01:50]} 37. Rgf1 {[%clk 0:09:41]} Qg2 {[%clk 0:00:46]} 38. e4 {[%clk 0:08:57]}
Rb8 {[%clk 0:00:46]} 39. e5 {[%clk 0:08:29]} Qg4 {[%clk 0:01:01]} 40. Qc3 {[%clk
0:37:50]} Rb5 {[%clk 0:30:46]} 41. Qd3 {[%clk 0:35:41]} Rb8 {[%clk 0:27:49]} 42.
Re3 {[%clk 0:34:04]} Kh8 {[%clk 0:26:03]} 43. Rg3 {[%clk 0:30:32]} Qh4 {[%clk
0:26:04]} 44. Rh3 {[%clk 0:30:46]} Qg4 {[%clk 0:26:20]} 45. Qe3 {[%clk 0:30:43]}
Qg2 {[%clk 0:24:35]} 46. Rhf3 {[%clk 0:27:44]} a4 {[%clk 0:16:46]} 47. Rg1 {[%clk
0:25:45]} Qh2 {[%clk 0:15:26]} 48. Rh3 {[%clk 0:26:08]} 1-0

[Event "Women's Baku Chess Olympiad"]
[Site "chess24.com"]
[Date "2016.09.10"]
[Round "8"]
[White "Barbier, Wiebke"]
[Black "Fronda, Jan Jodilyn"]
[Result "0-1"]
[Board "2"]
[WhiteID "207977"]
[WhiteElo "2008"]
[WhiteCountry "BEL"]
[WhiteFideId "207977"]
[WhiteEloChange "-7"]
[BlackID "5204585"]
[BlackElo "2128"]
[BlackTitle "WIM"]
[BlackCountry "PHI"]
[BlackFideId "5204585"]
[BlackEloChange "7"]

1. e4 {[%clk 1:30:58]} c5 {[%clk 1:30:48]} 2. Be2 {[%clk 1:31:24]} Nc6 {[%clk
1:31:10]} 3. d3 {[%clk 1:31:48]} e5 {[%clk 1:31:29]} 4. f4 {[%clk 1:24:20]} exf4
{[%clk 1:28:57]} 5. Bxf4 {[%clk 1:24:16]} Nf6 {[%clk 1:26:40]} 6. Nf3 {[%clk
1:24:14]} d5 {[%clk 1:25:50]} 7. Nbd2 {[%clk 1:18:36]} Be7 {[%clk 1:25:30]} 8.
O-O {[%clk 1:15:58]} O-O {[%clk 1:25:21]} 9. c3 {[%clk 1:13:54]} d4 {[%clk
1:19:57]} 10. h3 {[%clk 1:11:05]} h6 {[%clk 1:19:00]} 11. Nb3 {[%clk 1:06:14]} a5
{[%clk 1:17:14]} 12. a4 {[%clk 1:05:36]} Be6 {[%clk 1:16:00]} 13. Bg3 {[%clk
1:04:06]} Qb6 {[%clk 1:12:57]} 14. Nbd2 {[%clk 0:57:38]} Rad8 {[%clk 1:03:32]}
15. Bf2 {[%clk 0:54:46]} Bd6 {[%clk 0:56:41]} 16. cxd4 {[%clk 0:45:22]} cxd4
{[%clk 0:57:03]} 17. b3 {[%clk 0:45:25]} Bf4 {[%clk 0:56:18]} 18. Nc4 {[%clk
0:44:49]} Qc7 {[%clk 0:56:27]} 19. Rb1 {[%clk 0:37:01]} Rd7 {[%clk 0:52:40]} 20.
Na3 {[%clk 0:34:47]} Rfd8 {[%clk 0:51:28]} 21. Nb5 {[%clk 0:34:56]} Qb8 {[%clk
0:51:53]} 22. Nd2 {[%clk 0:33:47]} Be3 {[%clk 0:49:11]} 23. Nc4 {[%clk 0:32:12]}
Bxh3 {[%clk 0:32:22]} 24. Nxe3 {[%clk 0:16:49]} dxe3 {[%clk 0:32:45]} 25. Bxe3
{[%clk 0:17:07]} Qg3 {[%clk 0:32:43]} 26. Bf3 {[%clk 0:17:05]} Ng4 {[%clk
0:30:38]} 27. Bf4 {[%clk 0:11:52]} Qxf4 {[%clk 0:31:00]} 28. Bxg4 {[%clk
0:12:13]} Qxg4 {[%clk 0:31:23]} 29. Qxg4 {[%clk 0:10:17]} Bxg4 {[%clk 0:31:49]}
30. Rf4 {[%clk 0:10:13]} Be6 {[%clk 0:32:14]} 31. Rbf1 {[%clk 0:08:54]} Rxd3
{[%clk 0:32:17]} 32. Nc7 {[%clk 0:09:07]} Bxb3 {[%clk 0:32:37]} 33. Nd5 {[%clk
0:09:33]} Bxd5 {[%clk 0:33:01]} 34. exd5 {[%clk 0:09:59]} Ne5 {[%clk 0:33:21]}
35. Rb1 {[%clk 0:10:00]} Rd7 {[%clk 0:33:46]} 36. Rb5 {[%clk 0:07:46]} R3xd5
{[%clk 0:34:11]} 37. Rb6 {[%clk 0:07:37]} Rd4 {[%clk 0:34:10]} 38. Rf5 {[%clk
0:08:01]} Ng4 {[%clk 0:34:34]} 39. g3 {[%clk 0:08:09]} Rxa4 {[%clk 0:34:46]} 40.
Rfb5 {[%clk 0:38:19]} Rd2 {[%clk 1:05:05]} 41. Rb1 {[%clk 0:38:13]} Raa2 {[%clk
1:05:29]} 0-1

[Event "Women's Baku Chess Olympiad"]
[Site "chess24.com"]
[Date "2016.09.10"]
[Round "8"]
[White "Secopito, Catherine"]
[Black "Dierckens, Sarah"]
[Result "1-0"]
[Board "3"]
[WhiteID "5202744"]
[WhiteElo "2119"]
[WhiteTitle "WIM"]
[WhiteCountry "PHI"]
[WhiteFideId "5202744"]
[WhiteEloChange "3"]
[BlackID "205745"]
[BlackElo "1830"]
[BlackCountry "BEL"]
[BlackFideId "205745"]
[BlackEloChange "-3"]

1. d4 {[%clk 1:30:53]} Nf6 {[%clk 1:30:54]} 2. Nf3 {[%clk 1:31:16]} c5 {[%clk
1:31:05]} 3. d5 {[%clk 1:31:26]} e6 {[%clk 1:31:03]} 4. c4 {[%clk 1:31:49]} exd5
{[%clk 1:31:18]} 5. cxd5 {[%clk 1:32:11]} d6 {[%clk 1:31:17]} 6. Nc3 {[%clk
1:32:30]} g6 {[%clk 1:30:56]} 7. h3 {[%clk 1:31:04]} Bg7 {[%clk 1:31:18]} 8. e4
{[%clk 1:31:11]} O-O {[%clk 1:31:30]} 9. Bd3 {[%clk 1:31:37]} Re8 {[%clk
1:31:03]} 10. O-O {[%clk 1:31:49]} c4 {[%clk 1:27:00]} 11. Bxc4 {[%clk 1:14:42]}
Nxe4 {[%clk 1:27:10]} 12. Nxe4 {[%clk 1:14:24]} Rxe4 {[%clk 1:27:06]} 13. Qc2
{[%clk 1:14:49]} Re8 {[%clk 1:23:30]} 14. Bg5 {[%clk 1:08:17]} Qb6 {[%clk
1:21:04]} 15. Rae1 {[%clk 1:08:37]} Bd7 {[%clk 1:13:30]} 16. Be3 {[%clk 0:58:22]}
Qc7 {[%clk 1:04:55]} 17. Qb3 {[%clk 0:58:03]} b6 {[%clk 1:03:11]} 18. Bf4 {[%clk
0:52:19]} Bf8 {[%clk 0:58:56]} 19. Ng5 {[%clk 0:42:00]} Rc8 {[%clk 0:44:54]} 20.
Rc1 {[%clk 0:30:55]} Qb7 {[%clk 0:43:47]} 21. Qg3 {[%clk 0:28:05]} Rxc4 {[%clk
0:37:09]} 22. Rxc4 {[%clk 0:23:40]} Qxd5 {[%clk 0:37:32]} 23. Rc2 {[%clk
0:19:54]} Bb5 {[%clk 0:18:58]} 24. Re1 {[%clk 0:18:15]} Nc6 {[%clk 0:14:50]} 25.
Rd2 {[%clk 0:17:41]} Qxa2 {[%clk 0:13:02]} 26. Bxd6 {[%clk 0:14:51]} Rd8 {[%clk
0:11:53]} 27. Qh4 {[%clk 0:12:40]} h5 {[%clk 0:11:27]} 28. Ne4 {[%clk 0:12:45]}
Bh6 {[%clk 0:09:57]} 29. Nf6+ {[%clk 0:09:17]} Kg7 {[%clk 0:10:20]} 30. f4 {[%clk
0:09:04]} Qc4 {[%clk 0:09:31]} 31. Ne8+ {[%clk 0:07:26]} Kh7 {[%clk 0:07:31]} 32.
Qf2 {[%clk 0:02:45]} Rxe8 {[%clk 0:02:38]} 33. Rxe8 {[%clk 0:03:08]} Nb4 {[%clk
0:02:10]} 34. Re3 {[%clk 0:00:47]} Nd5 {[%clk 0:02:10]} 35. Rf3 {[%clk 0:00:52]}
Qc6 {[%clk 0:01:24]} 36. Be5 {[%clk 0:01:07]} f6 {[%clk 0:00:58]} 37. Rc2 {[%clk
0:00:43]} Qe6 {[%clk 0:00:54]} 38. Bd4 {[%clk 0:00:45]} Qe4 {[%clk 0:00:46]} 39.
g3 {[%clk 0:00:43]} Bf8 {[%clk 0:00:41]} 40. Rd2 {[%clk 0:30:35]} Bb4 {[%clk
0:30:55]} 41. Rc3 {[%clk 0:14:57]} Nxc3 {[%clk 0:29:46]} 42. bxc3 {[%clk
0:14:43]} Qb1+ {[%clk 0:30:01]} 43. Kh2 {[%clk 0:14:59]} Ba5 {[%clk 0:23:52]} 44.
Qf3 {[%clk 0:14:06]} Qe1 {[%clk 0:21:06]} 45. Rb2 {[%clk 0:13:46]} Ba6 {[%clk
0:19:33]} 46. f5 {[%clk 0:12:40]} Qe7 {[%clk 0:18:02]} 47. fxg6+ {[%clk 0:13:03]}
Kxg6 {[%clk 0:18:24]} 48. Rf2 {[%clk 0:13:28]} Bc4 {[%clk 0:16:05]} 49. Qf5+
{[%clk 0:13:40]} Kh6 {[%clk 0:15:51]} 50. Bxf6 {[%clk 0:14:00]} 1-0

[Event "Women's Baku Chess Olympiad"]
[Site "chess24.com"]
[Date "2016.09.10"]
[Round "8"]
[White "Barbier, Astrid"]
[Black "Mendoza, Shania Mae"]
[Result "0-1"]
[Board "4"]
[WhiteID "200395"]
[WhiteElo "1825"]
[WhiteCountry "BEL"]
[WhiteFideId "200395"]
[WhiteEloChange "-6"]
[BlackID "5211158"]
[BlackElo "1965"]
[BlackTitle "WFM"]
[BlackCountry "PHI"]
[BlackFideId "5211158"]
[BlackEloChange "6"]

1. e4 {[%clk 1:30:57]} e5 {[%clk 1:30:18]} 2. Nf3 {[%clk 1:31:23]} Nc6 {[%clk
1:30:05]} 3. Bb5 {[%clk 1:31:41]} a6 {[%clk 1:29:33]} 4. Ba4 {[%clk 1:32:04]} Nf6
{[%clk 1:29:41]} 5. d3 {[%clk 1:32:14]} Bc5 {[%clk 1:28:25]} 6. O-O {[%clk
1:32:11]} d6 {[%clk 1:28:23]} 7. c3 {[%clk 1:32:11]} O-O {[%clk 1:28:22]} 8. h3
{[%clk 1:31:15]} Ba7 {[%clk 1:26:24]} 9. Re1 {[%clk 1:30:44]} Ne7 {[%clk
1:23:59]} 10. Nh4 {[%clk 1:06:56]} c6 {[%clk 1:06:23]} 11. Bb3 {[%clk 1:03:10]}
d5 {[%clk 1:04:08]} 12. Bg5 {[%clk 0:49:30]} Be6 {[%clk 0:44:27]} 13. Qf3 {[%clk
0:42:50]} Ne8 {[%clk 0:39:05]} 14. Qg3 {[%clk 0:24:52]} f6 {[%clk 0:39:19]} 15.
Be3 {[%clk 0:24:31]} Bxe3 {[%clk 0:39:00]} 16. Qxe3 {[%clk 0:22:59]} Kh8 {[%clk
0:39:20]} 17. Nd2 {[%clk 0:21:16]} Nc7 {[%clk 0:32:54]} 18. Rad1 {[%clk 0:20:27]}
a5 {[%clk 0:29:23]} 19. f4 {[%clk 0:14:24]} exf4 {[%clk 0:28:24]} 20. Qf2 {[%clk
0:11:37]} g5 {[%clk 0:26:57]} 21. Nhf3 {[%clk 0:11:41]} Ng6 {[%clk 0:26:55]} 22.
Nd4 {[%clk 0:08:10]} Bg8 {[%clk 0:26:06]} 23. Nf5 {[%clk 0:06:52]} a4 {[%clk
0:23:34]} 24. Bc2 {[%clk 0:07:12]} a3 {[%clk 0:22:34]} 25. b3 {[%clk 0:06:50]}
Nb5 {[%clk 0:19:14]} 26. c4 {[%clk 0:06:02]} Nc3 {[%clk 0:13:18]} 27. Ra1 {[%clk
0:05:54]} dxc4 {[%clk 0:13:16]} 28. dxc4 {[%clk 0:03:49]} b5 {[%clk 0:13:19]} 29.
c5 {[%clk 0:03:23]} b4 {[%clk 0:13:14]} 30. Nd6 {[%clk 0:03:20]} Ne5 {[%clk
0:12:39]} 31. Rf1 {[%clk 0:01:52]} Rb8 {[%clk 0:12:36]} 32. h4 {[%clk 0:01:30]}
Ng4 {[%clk 0:11:33]} 33. Qd4 {[%clk 0:01:20]} Ne2+ {[%clk 0:11:58]} 0-1

[Event "Women's Baku Chess Olympiad"]
[Site "chess24.com"]
[Date "2016.09.10"]
[Round "8"]
[White "Maisuradze, Nino"]
[Black "Hagesather, Ellen"]
[Result "1-0"]
[Board "2"]
[WhiteID "13601717"]
[WhiteElo "2256"]
[WhiteTitle "WGM"]
[WhiteCountry "FRA"]
[WhiteFideId "13601717"]
[WhiteEloChange "7"]
[BlackID "1501909"]
[BlackElo "2139"]
[BlackTitle "WIM"]
[BlackCountry "NOR"]
[BlackFideId "1501909"]
[BlackEloChange "-7"]

1. d4 {[%clk 1:30:58]} f5 {[%clk 1:30:39]} 2. Nc3 {[%clk 1:30:53]} d5 {[%clk
1:30:35]} 3. Bf4 {[%clk 1:30:48]} e6 {[%clk 1:30:20]} 4. a3 {[%clk 1:29:23]} Nf6
{[%clk 1:30:19]} 5. e3 {[%clk 1:29:27]} Bd6 {[%clk 1:29:49]} 6. Bd3 {[%clk
1:26:04]} O-O {[%clk 1:29:26]} 7. Nf3 {[%clk 1:26:07]} Ne4 {[%clk 1:27:57]} 8.
Ne2 {[%clk 1:25:39]} c6 {[%clk 1:24:16]} 9. c4 {[%clk 1:14:18]} Qe7 {[%clk
1:18:49]} 10. O-O {[%clk 1:07:22]} Bd7 {[%clk 1:15:43]} 11. Bxd6 {[%clk 0:55:29]}
Nxd6 {[%clk 1:15:13]} 12. Ne5 {[%clk 0:51:31]} Be8 {[%clk 1:12:51]} 13. Qb3
{[%clk 0:48:17]} Rf6 {[%clk 1:01:09]} 14. f3 {[%clk 0:47:16]} b5 {[%clk 0:53:15]}
15. c5 {[%clk 0:39:02]} Nf7 {[%clk 0:47:43]} 16. a4 {[%clk 0:34:13]} bxa4 {[%clk
0:31:56]} 17. Rxa4 {[%clk 0:34:28]} Nxe5 {[%clk 0:31:41]} 18. dxe5 {[%clk
0:34:53]} Rh6 {[%clk 0:25:49]} 19. Qc3 {[%clk 0:29:49]} Qc7 {[%clk 0:21:30]} 20.
Rfa1 {[%clk 0:29:11]} g5 {[%clk 0:18:51]} 21. f4 {[%clk 0:26:33]} gxf4 {[%clk
0:19:01]} 22. exf4 {[%clk 0:26:32]} Rg6 {[%clk 0:17:15]} 23. Qa3 {[%clk 0:22:28]}
Rg7 {[%clk 0:17:14]} 24. Nd4 {[%clk 0:22:17]} Qf7 {[%clk 0:16:13]} 25. b4 {[%clk
0:21:28]} Qg6 {[%clk 0:16:05]} 26. Qb2 {[%clk 0:19:18]} Qh6 {[%clk 0:14:41]} 27.
Qf2 {[%clk 0:18:02]} Rc7 {[%clk 0:13:25]} 28. g3 {[%clk 0:18:02]} Nd7 {[%clk
0:13:13]} 29. Ra6 {[%clk 0:13:46]} Nf8 {[%clk 0:10:16]} 30. b5 {[%clk 0:10:49]}
cxb5 {[%clk 0:09:47]} 31. Nxf5 {[%clk 0:08:41]} Qh5 {[%clk 0:09:59]} 32. Nd6
{[%clk 0:06:19]} b4 {[%clk 0:09:39]} 33. f5 {[%clk 0:02:56]} b3 {[%clk 0:08:24]}
34. Qd4 {[%clk 0:02:57]} Nd7 {[%clk 0:05:44]} 35. R6a5 {[%clk 0:03:11]} Rb8
{[%clk 0:05:20]} 36. Rb1 {[%clk 0:02:46]} b2 {[%clk 0:04:42]} 37. Kg2 {[%clk
0:01:36]} Qg5 {[%clk 0:03:24]} 38. Rxb2 {[%clk 0:00:50]} Rxb2+ {[%clk 0:02:29]}
39. Qxb2 {[%clk 0:01:19]} Bh5 {[%clk 0:01:45]} 40. fxe6 {[%clk 0:30:51]} Nf8
{[%clk 0:30:55]} 41. Bf5 {[%clk 0:18:10]} Qe3 {[%clk 0:28:54]} 42. g4 {[%clk
0:17:20]} Rg7 {[%clk 0:23:23]} 43. h3 {[%clk 0:16:21]} d4 {[%clk 0:22:38]} 44. c6
{[%clk 0:12:20]} Bg6 {[%clk 0:19:25]} 45. Qf2 {[%clk 0:00:53]} Qc3 {[%clk
0:17:31]} 46. Ra6 {[%clk 0:00:47]} d3 {[%clk 0:15:59]} 47. Ra2 {[%clk 0:00:45]}
Qxe5 {[%clk 0:15:21]} 48. Bxg6 {[%clk 0:00:50]} Nxg6 {[%clk 0:15:15]} 49. Nf5
{[%clk 0:00:48]} Nf4+ {[%clk 0:12:22]} 50. Kf1 {[%clk 0:01:10]} Rc7 {[%clk
0:12:05]} 51. Qd4 {[%clk 0:01:08]} Qxd4 {[%clk 0:10:56]} 52. Nxd4 {[%clk
0:01:37]} Nxh3 {[%clk 0:10:13]} 53. Rb2 {[%clk 0:00:43]} Nf4 {[%clk 0:09:18]} 54.
Ke1 {[%clk 0:00:36]} h5 {[%clk 0:04:21]} 55. Rb8+ {[%clk 0:00:40]} Kh7 {[%clk
0:02:55]} 56. Rb7 {[%clk 0:01:08]} Nd5 {[%clk 0:01:45]} 57. Nb5 {[%clk 0:01:28]}
Re7 {[%clk 0:01:49]} 58. gxh5 {[%clk 0:01:28]} Kh6 {[%clk 0:01:35]} 59. Rxe7
{[%clk 0:01:24]} Nxe7 {[%clk 0:02:00]} 60. Nxa7 {[%clk 0:01:33]} Nd5 {[%clk
0:01:57]} 61. Nb5 {[%clk 0:01:39]} Ne7 {[%clk 0:00:56]} 62. c7 {[%clk 0:01:51]}
Nc8 {[%clk 0:00:37]} 63. Na7 {[%clk 0:01:47]} 1-0

[Event "Women's Baku Chess Olympiad"]
[Site "chess24.com"]
[Date "2016.09.10"]
[Round "8"]
[White "Machlik, Edit"]
[Black "Congiu, Mathilde"]
[Result "1/2-1/2"]
[Board "3"]
[WhiteID "1513591"]
[WhiteElo "2056"]
[WhiteCountry "NOR"]
[WhiteFideId "1513591"]
[WhiteEloChange "5"]
[BlackID "634581"]
[BlackElo "2232"]
[BlackTitle "WIM"]
[BlackCountry "FRA"]
[BlackFideId "634581"]
[BlackEloChange "-5"]

1. d4 {[%clk 1:30:59]} Nf6 {[%clk 1:30:41]} 2. c4 {[%clk 1:31:26]} e6 {[%clk
1:30:54]} 3. Nc3 {[%clk 1:31:49]} Bb4 {[%clk 1:31:02]} 4. Qc2 {[%clk 1:32:11]} b6
{[%clk 1:31:06]} 5. e4 {[%clk 1:31:25]} c5 {[%clk 1:31:04]} 6. d5 {[%clk
1:31:21]} Qe7 {[%clk 1:30:54]} 7. Be2 {[%clk 1:27:16]} d6 {[%clk 1:30:45]} 8. h3
{[%clk 1:20:29]} O-O {[%clk 1:25:35]} 9. Nf3 {[%clk 1:20:27]} Bxc3+ {[%clk
1:19:51]} 10. bxc3 {[%clk 1:20:50]} exd5 {[%clk 1:19:48]} 11. exd5 {[%clk
1:20:58]} Re8 {[%clk 1:19:25]} 12. Be3 {[%clk 1:20:30]} Ne4 {[%clk 1:02:59]} 13.
O-O {[%clk 1:16:21]} Ng3 {[%clk 0:48:29]} 14. Rfe1 {[%clk 1:14:42]} Nxe2+ {[%clk
0:46:01]} 15. Rxe2 {[%clk 1:15:04]} Ba6 {[%clk 0:41:32]} 16. Nd2 {[%clk 1:07:21]}
Nd7 {[%clk 0:34:07]} 17. Rae1 {[%clk 1:01:58]} Nf6 {[%clk 0:25:39]} 18. Qa4
{[%clk 0:50:55]} Qb7 {[%clk 0:23:03]} 19. Qd1 {[%clk 0:42:24]} h6 {[%clk
0:16:45]} 20. Bf4 {[%clk 0:31:41]} Rxe2 {[%clk 0:16:25]} 21. Rxe2 {[%clk
0:31:06]} Nxd5 {[%clk 0:13:28]} 22. cxd5 {[%clk 0:30:58]} Bxe2 {[%clk 0:13:53]}
23. Qxe2 {[%clk 0:31:23]} Qxd5 {[%clk 0:14:20]} 24. Nc4 {[%clk 0:26:22]} Qf5
{[%clk 0:13:44]} 25. Bxd6 {[%clk 0:25:31]} Rd8 {[%clk 0:11:43]} 26. Bg3 {[%clk
0:14:33]} Qb1+ {[%clk 0:10:48]} 27. Kh2 {[%clk 0:14:59]} Rd1 {[%clk 0:10:24]} 28.
Qe8+ {[%clk 0:10:47]} Kh7 {[%clk 0:10:48]} 29. Bf4 {[%clk 0:09:40]} Rh1+ {[%clk
0:07:54]} 30. Kg3 {[%clk 0:10:06]} Qg6+ {[%clk 0:07:53]} 31. Kf3 {[%clk 0:10:05]}
Qh5+ {[%clk 0:08:00]} 32. Kg3 {[%clk 0:10:17]} Qg6+ {[%clk 0:07:53]} 33. Kf3
{[%clk 0:10:44]} Qh5+ {[%clk 0:03:52]} 34. Kg3 {[%clk 0:11:04]} Qg6+ {[%clk
0:03:33]} 1/2-1/2